000 00869nam a2200289Ia 4500
999 _c27868
_d27868
003 GCL
005 20240530101818.0
008 140319s9999 xx 000 0 ara d
040 _aGCL /
_cGCL
082 0 4 _a153.34
_bد ت
100 1 _aدى بونو، ادوارد
245 1 0 _aتعليم التفكير /
_cدى بونو، ادوارد
260 _a[S.N] :
_bمؤسسة الكويت للتقدم العلمى ،
_c1989
300 _a293 ص
490 _aسلسلة الكتب المترجمة
_v0
650 0 4 _aعلم النفس
650 0 4 _aعلم النفس التربوى
650 0 4 _aالعقد
650 0 4 _aالتفكير
650 0 4 _aتعليم
650 0 4 _aالمنطق
650 0 4 _aالادراك
650 0 4 _aالانتباه
650 0 4 _aالانماط
700 1 _aعادل عبدالكريم ياسين
942 _2ddc
_cBK